000 00337nam a2200133 i 4500
001 bg
100 1 _aSOKÓŁ-SUPEL, J.
245 0 _aRigid-plastic plate under concentraced moring load /
_cJ. Sokół-Supel.
260 _aWarszawa,
_c1982.
040 _cBPK
041 _apol
942 _cKS
008 s pl f |000 0 pol
999 _c21259
_d21259
856 _uhttp://koha.tu.koszalin.pl/cgi-bin/koha/opac-detail.pl?biblionumber=21259
_yKatalog online BPK